000 00957nam a22003017a 4500
001 BR0400980
003 BR-BrBNA
005 20230928101519.0
007 ta
008 230509b bl.||||| |||| 00| 0 por d
040 _aBR-BrBNA
_bpor
_cBiblioteca Nacional de Agricultura
041 _a(Por)
072 _aE10; U10
090 _ E10 BR0400980
100 1 _aSilva, W.S. da
110 1 _aUniversidade Federal de Lavras, MG (Brasil)
_0Tese (Mestrado)
245 1 _aModelagem da volatilidade dos índices financeiros Ibovespa, Dow Jones e standard Poors utilizando modelos da classe ARCH
260 3 _aLavras, MG (Brasil):
_c2003.
300 _a91 p.
500 _aSummaries (Eng, Por); Bibliography p. 87-91; 7 illus.; 10 tables
650 _aANÁLISE ECONÔMICA
650 _aMODELO MATEMÁTICO
650 _aMÉTODO ESTATÍSTICO
650 _aMACROECONOMIA
650 _aMERCADO
909 _a202309
_bLucia
_c55
_dLucia Elande
942 _cBK
999 _c66202
_d66202